| 000 | 00726nam a22002057a 4500 | ||
|---|---|---|---|
| 005 | 20100805124741.0 | ||
| 010 | _aENG-98311 | ||
| 020 |
_a9789380060552 _c175.00 |
||
| 035 | _aEN-81844 | ||
| 037 | _bDBAD/PUB | ||
| 082 | _a660 | ||
| 100 |
_aSaravanan, S P _96813 |
||
| 245 |
_aAn intorductory concept of applied Chemistry / _cby S P Saravanan |
||
| 260 |
_aSalem _bM S K Publications _c2009 |
||
| 270 |
_a3/189-E, Athanoor Amman Kovil St., Masinayaganpatti-po Ayothiyappattunam _bSalem _e636103 |
||
| 300 |
_a122p _c20cm(pbk) |
||
| 650 |
_aApplied chemistry _96814 |
||
| 942 |
_2ddc _cEN _h660 _mSAR |
||
| 999 |
_c39426 _d39426 |
||